| 000 | 00584nam a2200121Ia 4500 | ||
|---|---|---|---|
| 008 | 171212s9999 xx 000 0 und d | ||
| 020 | _a9780833082336 | ||
| 100 | _aDunigan, Molly;Farmer, Carrie M.;Burns, Rachel M.;Hawks, Alison;Setodji, Claude Messan | ||
| 245 |
_cDunigan, Molly;Farmer, Carrie M.;Burns, Rachel M.;Hawks, Alison;Setodji, Claude Messan _aOut of the Shadows _bThe Health and Well-Being of Private Contractors Working in Conflict Environments |
||
| 260 |
_bRAND Corporation _c2013 |
||
| 650 | _aHealth Sciences | ||
| 856 | _uhttp://www.jstor.org/stable/10.7249/j.ctt5vjwr1 | ||
| 999 |
_c352387 _d352387 |
||